Prénoms filles 1998 - Statistiques

Statistiques générales
  • Ce quiz a été pris 175 fois
  • Le résultat moyen est 63 sur 100
Statistiques - réponses
Hint Lettre Prénoms % Correct
5 M Marie
97%
2 L Léa
94%
3 C Chloé
91%
12 J Julie
91%
1 M Manon
88%
10 P Pauline
87%
26 J Juliette
83%
20 C Clara
82%
7 L Laura
82%
13 L Lucie
82%
9 S Sarah
82%
8 M Marine
81%
88 A Anna
80%
4 C Camille
80%
19 E Émilie
80%
40 A Alice
79%
66 J Julia
79%
90 L Laure
79%
21 C Charlotte
78%
6 O Océane
78%
59 S Sophie
78%
23 M Marion
77%
78 Z Zoé
77%
44 E Élise
76%
35 L Louise
76%
31 E Élisa
75%
41 I Inès
75%
71 J Jade
75%
47 V Valentine
75%
25 E Emma
74%
22 L Lisa
74%
32 A Amélie
72%
61 J Jeanne
72%
11 A Anaïs
71%
33 C Claire
71%
14 J Justine
71%
92 L Lola
71%
16 M Mathilde
71%
50 A Agathe
68%
34 E Eva
68%
83 L Léna
68%
36 M Margot
68%
15 M Morgane
68%
29 N Noémie
68%
38 R Romane
68%
39 C Clémence
67%
99 O Olivia
67%
17 M Mélanie
66%
56 A Alicia
65%
49 A Aurélie
65%
27 M Margaux
64%
100 A Ambre
63%
18 M Mélissa
63%
65 V Victoria
63%
42 C Coralie
62%
30 E Élodie
62%
63 C Carla
61%
58 C Céline
61%
57 L Laurie
61%
54 C Célia
60%
62 A Alexandra
59%
79 E Éloïse
59%
75 M Marina
59%
55 S Solène
59%
37 A Audrey
58%
46 F Fanny
58%
28 M Maeva
58%
43 A Alexia
57%
52 C Caroline
56%
91 G Gaëlle
56%
74 C Cécile
55%
24 A Amandine
54%
72 C Charlène
54%
77 E Elsa
54%
45 E Estelle
54%
69 M Maëlle
54%
53 O Ophélie
54%
60 L Laurine
53%
81 C Clémentine
52%
70 J Jessica
52%
51 E Emeline
50%
76 A Axelle
47%
80 C Cindy
46%
68 S Salomé
45%
73 A Aurore
44%
48 C Coline
44%
84 K Kelly
44%
94 A Adeline
41%
97 A Angélique
41%
64 C Cassandra
41%
86 T Tiffany
41%
67 L Laëtitia
39%
87 L Lucile
39%
82 L Ludivine
39%
93 M Myriam
39%
95 J Johanna
37%
85 A Andréa
30%
98 G Gwendoline
28%
96 D Déborah
25%
89 A Alison
22%
Aucun quiz correspondant
Distribution des résultats
% des personnes avec chaque résultat
Percentile par nombre de réponses
Votre historique - résultats
Vous n’avez pas pris ce quiz